000 00483nam a2200193Ia 4500
008 101110s9999 xx 000 0 und d
041 _aENGLISH
082 _bSR3733
_a910.03
100 _aFairgrieve J.
245 _aHuman Geography Europe & Britain
365 _b5
520 _aGeography
546 _aENGLISH
630 _aHuman Geography Europe & Britain
650 _aGeography
655 _aGeography
730 _aHuman Geography Europe & Britain
942 _cBOOK
999 _c800184
_d800181